| 000 | 01172nam a2200265Ia 4500 | ||
|---|---|---|---|
| 003 | OSt | ||
| 005 | 20221005103428.0 | ||
| 006 | a|||||r|||| 00| 0 | ||
| 007 | ta | ||
| 008 | 221004b |||||||| |||| 00| 0 san d | ||
| 020 |
_a9789380033266 (hbk) _c995 |
||
| 024 | _a118978 | ||
| 037 |
_b249, 03/10/2011, Eastern Book Linkers _cTextual |
||
| 040 |
_aCRL _cCRL _bsan |
||
| 041 |
_2san _asan |
||
| 082 | _aQ1:g(G:55), 152Q1 | ||
| 100 | _aविजय एस. सोजीत्रा | ||
| 245 | 0 |
_aवैदिक संस्कृति और पर्यावरण संरक्षण _b आणुनिक पर्यावरणीय समस्याओं का समाधान |
|
| 246 | _aVaidik sanskṛuti aur paryāvaraṇ sanrakṣhaṇa: āṇunik paryāvaraṇīya samasyāoan kā samādhāna | ||
| 260 |
_aजयपुर _bपैराडाइज पब्लिशर्स भारत _c2011 |
||
| 300 |
_a262पृ0 _ccm. |
||
| 650 | _aधर्म | ||
| 942 |
_hQ1:g(G:55), 152Q1 _cTEXL _2cc |
||
| 999 |
_c1010073 _d1010073 |
||